01564nam a2200421 i 450000100060000000300080000600500170001400600190003100700150005000800410006502000180010603500230012403500240014703500250017103500220019604000310021805000210024908000070027008200150027724502000029226400320049230000410052433600310056533700330059633800430062949000470067258801240071965000170084365000220086065000160088265000180089865500270091670000210094370000410096470000270100583000480103285600620108041421FlNmELB20241216221946.0m o d | cr cnu||||||||150608s2011 sp o 000 0 spa d z9788499828183 a(MiAaPQ)EBC3199167 a(Au-PeEL)EBL3199167 a(CaPaEBR)ebr10560277 a(OCoLC)1105423299 aFINmELBbspaerdacFINmELB 4aHM126bS686 2011 a340 a302.1422300aSolidaridad y derechos humanos en tiempos de crisis /cMario G. Losano (ed.) ; Elza Antonia Pereira Cunha Boiteux, Fredys Orlando Sorto ; traducciones de Luis Lloredo Alix y Carlos Lema Añón. 1aMadrid :bDykinson,c[2011] a1 recurso en línea (124 páginas) atextobtxt2rdacontent/spa acomputadorabc2rdamedia/spa arecurso en líneabcr2rdacarrier/spa1 aCuadernos "Bartolomé de las Casas" ;v50 aDescripción basada en recurso en línea; Título de la página del título en PDF (e-libro, visto June 08, 2015). 4aSolidaridad. 4aDerechos humanos. 0aSolidarity. 0aHuman rights. 4aLibros electrónicos.1 aLosano, Mario G.1 aPereira Cunha Boiteux, Elza Antonia.1 aSorto, Fredys Orlando. 0aCuadernos "Bartolomé de las Casas" ;v50.40uhttps://elibro.net/ereader/politecnicointernacional/42385